| 000 | 01201nam a22002777a 4500 | ||
|---|---|---|---|
| 005 | 20101206113148.0 | ||
| 008 | 101206t xxu||||| |||| 00| 0 hin d | ||
| 010 | _aHIN-91789 | ||
| 020 |
_c150.00 _a8168680904 |
||
| 035 | _aHN-64135 | ||
| 037 | _bDBAD/PUB | ||
| 040 |
_aDPL _bHN |
||
| 082 | _a808.88 | ||
| 100 |
_924598 _aपाण्डेय, आलोक |
||
| 245 |
_aब़हरहाल / _cआलोक पाण्डेय |
||
| 246 |
_aBaharhal _bBy Alok Pandey |
||
| 260 |
_aहैदराबाद _bमिलिन्द प्रकाशन _c2009 |
||
| 270 |
_a4-3-178/2, कन्दास्वामी बाग, हनुमान व्यायामशाला की गली, सुल्तान बाजार _bहैदराबाद _e500095 _k24753737 |
||
| 300 |
_a118पृ _c22सेमी (सजिल्द) |
||
| 650 | _91169 | ||
| 650 | _925727 | ||
| 700 | _924599 | ||
| 700 | _925390 | ||
| 942 |
_2ddc _cHN _mपाण्डेय _h808.88 |
||
| 999 |
_c50345 _d50345 |
||